<?xml version="1.0" encoding="UTF-8"?>
<collection xmlns="http://www.loc.gov/MARC21/slim">
 <record>
  <leader>01512nam a2200217Ia 4500</leader>
  <controlfield tag="001">TDMU_26128</controlfield>
  <controlfield tag="008">210410s9999    xx            000 0 und d</controlfield>
  <datafield tag="082" ind1=" " ind2=" ">
   <subfield code="a">394.2608995911</subfield>
  </datafield>
  <datafield tag="090" ind1=" " ind2=" ">
   <subfield code="b">QU105</subfield>
  </datafield>
  <datafield tag="100" ind1=" " ind2=" ">
   <subfield code="a">Quán, Vi Miên</subfield>
  </datafield>
  <datafield tag="245" ind1=" " ind2="0">
   <subfield code="a">Lịch Thái ứng dụng và lễ hội Bà Trầy</subfield>
  </datafield>
  <datafield tag="245" ind1=" " ind2="0">
   <subfield code="c">Quán Vi Viên (ch.b.), Vi Khăm Mun, Đinh Xuân Uy</subfield>
  </datafield>
  <datafield tag="260" ind1=" " ind2=" ">
   <subfield code="a">H.</subfield>
  </datafield>
  <datafield tag="260" ind1=" " ind2=" ">
   <subfield code="b">Khoa học xã hội</subfield>
  </datafield>
  <datafield tag="260" ind1=" " ind2=" ">
   <subfield code="c">2015</subfield>
  </datafield>
  <datafield tag="300" ind1=" " ind2=" ">
   <subfield code="a">171 tr .</subfield>
  </datafield>
  <datafield tag="520" ind1=" " ind2=" ">
   <subfield code="a">TM tài liệu tham khảo tr. 161 - 162; Gồm: Lịch Thái ứng dụng (Tính chất, tín ngưỡng về năm, tháng, ngày trong lịch Thái; cách, hay là phương tiện để ứng dụng trong lịch Thái; lịch Thái ứng dụng ở Nghệ An); lễ hội Bà Trầy (Giới thiệu chung về người Thổ; lễ hội Bà Trầy; so sánh lễ hội Bà Trầy của người Thổ với lễ hội Xang Khan của người Thái); phụ lục lễ hội xang khan của người Thái</subfield>
  </datafield>
  <datafield tag="650" ind1=" " ind2=" ">
   <subfield code="a">Văn hóa dân gian</subfield>
   <subfield code="x">Lịch</subfield>
   <subfield code="x">Lễ hội</subfield>
   <subfield code="x">Dân tộc Thái</subfield>
   <subfield code="z">Việt Nam; Lịch</subfield>
   <subfield code="x">Lễ hội</subfield>
   <subfield code="x">Dân tộc Thái</subfield>
   <subfield code="z">Việt Nam; Dân tộc Thái</subfield>
   <subfield code="x">Văn hóa</subfield>
   <subfield code="x">Lịch</subfield>
   <subfield code="x">Lễ hội</subfield>
  </datafield>
  <datafield tag="700" ind1=" " ind2=" ">
   <subfield code="a">Hội Văn nghệ dân gian Việt Nam</subfield>
  </datafield>
  <datafield tag="856" ind1=" " ind2=" ">
   <subfield code="u">http://lrc.tdmu.edu.vn/opac/search/detail.asp?aID=2&amp;ID=26128</subfield>
  </datafield>
  <datafield tag="980" ind1=" " ind2=" ">
   <subfield code="a">Trung tâm Học liệu Trường Đại học Thủ Dầu Một</subfield>
  </datafield>
 </record>
</collection>
